000 01314nam a2200313 4500
001 178028
003 ES-MaACL
005 20230902095305.0
008 110512s2009 sp |||| | spa d
017 _aB.31886-2009 (vl. 1)
017 _aB.31886-2009 (vl. 2)
020 _a9788467237221 (Círculo de Lectores)
020 _a9788481098419 (Galaxia Gutenberg)
080 _a1(081) Trías, Eugenio
100 1 _aTrías, Eugenio.
_9111368
245 1 0 _aCreaciones filosóficas /
_cEugenio Trías.
246 3 0 _aÉtica y estética.
_fI
246 3 0 _aFilosofía y religión.
_fII
260 _aBarcelona :
_bCírculo de Lectores :
_bGalaxia Gutenberg,
_c[2009]
300 _a2 v. ;
_c21 cm.
500 _aÍndices.
504 _aBibliografía de Eugenio Trías.
504 _aBibliografía citada.
505 8 _aContiene: t.1 ;
_tÉtica y estética : Estética y teoría de las artes. Interpretaciones. Ética, política y condición humana (XXXIX, 1079 p.) -- t. 2 ;
_tFilosofía y religión : Teoría de la historia y filosofía de la religión. Filosofía del límite (1526 p.)
852 _aES-MaACL
_9184887
_bR.145590
_jA-11167
_dOlim: N-4172
_pv.1
_cDEPO1
852 _aES-MaACL
_9200480
_bR.145590
_jA-11168
_cDEPO1
_dOlim: N-4173
_pv.2
942 _2udc
999 _c178028
_d178028